000 01136nam a2200289 a 4500
001 345
003 BR-CuiBMT
005 20231101040217.0
008 231101b2012 mgba 00| 0 eng d
020 _a9788577006199
040 _aBR-CuiBMT
_cBR-CuiBMT
080 _22007
_a35:33
090 _a35:33
_bD598
245 0 0 _aDireito administrativo e democracia econômica /
_cDaniela Bandeira de Freitas, Vanice Regina Lírio do Vale, coordenadoras ; Felipe Derbli, apresentação ; [autores Alexandre santos de Aragão ... et al.].
260 _aBelo Horizonte :
_bFórum,
_c2012
300 _a343 p. :
_bil. ;
_c21 cm
500 _aVários autores.
500 _aInformação de autores retirada da capa.
504 _aInclui bibliografia.
650 _aDireito administrativo
_xDoutrinas e controvérsias
_zBrasil
650 _aPrincípio da subsidiariedade
_xAspectos jurídicos
_zBrasil
650 _aAtividade econômica
_xRegulação
_zBrasil
700 1 _aFreitas, Daniela Bandeira de
_4coord.
700 1 _aValle, Vanice Regina Lírio do
_4coord.
700 1 _aAragão, Alexandre Santos de
_eet al.
_eautores
942 _2udc
_cLV
999 _c345
_d345